=LDR 00000nam 2200000 4500 =001 INLIS000000000001405 =005 20130612085819 =008 ***********************************Ind** =035 ##$$0010-061300000001405 =041 ##$$a Ind =082 ##$$a 028.55 =090 ##$$a 028.55, Han-a =100 ##$$a HANAFI, Tevi =245 ##$$a Arsitek cilik, Tevi Hanafi =260 ##$$a 2000 $b Yogyakarta =300 ##$$a 23 hlm, ilus, 19 cm =650 ##$$a Bacaan Kanak-kanak =850 ##$$a NBPNMAT